Dürer, l'oeuvre du maître (Record no. 53135)

MARC details
000 -LEADER
campo de control de longitud fija 00768nam a2200241 i 4500
001 - NÚMERO DE CONTROL
campo de control 53135
003 - IDENTIFICADOR DE NÚMERO DE CONTROL
campo de control ES-MaACL
005 - FECHA Y HORA DE LA ÚLTIMA TRANSACCIÓN
campo de control 20250625063143.0
007 - CAMPO FIJO DE DESCRIPCIÓN FÍSICA--INFORMACIÓN GENERAL
campo de control de longitud fija t|
008 - DATOS DE LONGITUD FIJA--INFORMACIÓN GENERAL
campo de control de longitud fija 031010s1908 fr a |||| |bfre d
080 ## - NÚMERO DE LA CLASIFICACIÓN DECIMAL UNIVERSAL
Número de la Clasificación Decimal Universal 74/76Dürer, Albrecht
100 1# - ENTRADA PRINCIPAL--NOMBRE DE PERSONA
Nombre de persona Dürer, Albrecht,
Fechas asociadas al nombre 1471-1528
9 (RLIN) 240966
245 10 - MENCIÓN DEL TÍTULO
Título Dürer, l'oeuvre du maître
Resto del título : tableaux, gravures sur cuivre, gravures sur bois.
260 ## - PUBLICACIÓN, DISTRIBUCIÓN, ETC.
Lugar de publicación, distribución, etc. Paris :
Nombre del editor, distribuidor, etc. Hachette et Cie.,
Fecha de publicación, distribución, etc. 1908.
300 ## - DESCRIPCIÓN FÍSICA
Extensión XXIX, 416 p. :
Otras características físicas il. ;
Dimensiones 24 cm.
490 1# - MENCIÓN DE SERIE
Mención de serie Les classiques de l'art
500 ## - NOTA GENERAL
Nota general Índice.
504 ## - NOTA DE BIBLIOGRAFÍA, ETC.
Nota de bibliografía, etc. Referencias bibliográficas.
600 14 - PUNTO DE ACCESO ADICIONAL DE MATERIA--NOMBRE DE PERSONA
Nombre de persona Dürer, Albrecht,
Fechas asociadas al nombre 1471-1528
9 (RLIN) 240966
830 0# - PUNTO DE ACCESO ADICIONAL DE SERIE-TÍTULO UNIFORME
Título uniforme Les classiques de l'art
9 (RLIN) 186860
852 ## - LOCALIZACIÓN
Ubicación ES-MaACL
Número de control de estantería F-1647
Holdings
Estatus retirado Estado de pérdida Estado de daño No para préstamo Biblioteca de origen Biblioteca actual Ubicación en estantería Fecha de adquisición Fuente de adquisición Total de préstamos Signatura topográfica completa Código de barras Visto por última vez Precio de reemplazo Tipo de ítem Koha
        Biblioteca del Ateneo de Madrid Biblioteca del Ateneo de Madrid Depósito 2 17/01/2008     F-1647 1055832 23/02/2023 23/02/2023 Libro impreso